| 000 | 00786cam a2200265 a 4500 | ||
|---|---|---|---|
| 001 | 2618807 | ||
| 005 | 20240130050638.0 | ||
| 008 | 990224s1999 enk b 001 0 eng | ||
| 020 | _a0761959882 | ||
| 040 |
_aDLC _cDLC _dDLC |
||
| 082 | 0 | 0 |
_a306 _221 _bCUL |
| 100 | 1 | _aBauman, Zygmunt, | |
| 245 | 1 | 0 |
_aCulture as praxis / _cZygmunt Bauman. |
| 250 | _aNew ed. | ||
| 260 |
_aLondon ; _aThousand Oaks, Calif. : _bSage Publications, _c1999. |
||
| 300 | _alv, 148 p. ; | ||
| 490 | 0 | _aTheory, culture & society | |
| 650 | 0 | _aCulture. | |
| 650 | 0 | _aSocial structure. | |
| 650 | 0 | _aSociology | |
| 650 | 0 | _aAnthropology. | |
| 856 | 4 | 2 | _uhttp://www.loc.gov/catdir/enhancements/fy0656/98075101-d.html |
| 856 | 4 | 1 | _uhttp://www.loc.gov/catdir/enhancements/fy0656/98075101-t.html |
| 942 | _cL | ||
| 999 |
_c241 _d241 |
||